Former Nations and Civilisations on a World Map #2 - Statistics

General Stats
  • This quiz has been taken 556 times
  • The average score is 12 of 27
Answers on the Map
Answers color-coded by a green-red scale on the quiz's map according to % correct below.
 
Answer Stats
Group Answer % Correct
South America Empire of {Brazil}
93%
South America {Inca} Empire
92%
Europe Yugoslavia
90%
Europe Prussia
88%
Europe Kingdom of the Two {Sicilies}
77%
North America Maya
77%
Africa {Mali} Empire
76%
North America Second Empire of {Haiti}
69%
Oceania Kingdom of {Fiji}
58%
Africa Kingdom of {Kongo}
54%
Oceania Kingdom of {Rapa} {Nui}
51%
Africa {Zulu} Kingdom
47%
Africa {Mamluk} Sultanate
43%
Europe Kingdom of {Munster}
40%
North America {Cherokee} Nation
37%
Europe {Visigothic} Kingdom
36%
Asia {Delhi} Sultanate
33%
Europe {Khazar} Khaganate
24%
North America Ancestral {Puebloans}
22%
Africa Numidia
15%
Africa {Kilwa} Sultanate
14%
Asia Lydia
14%
Asia Kingdom of {Pagan}
13%
South America {Muisca} Confederation
11%
Asia Republic of {Ezo}
8%
Asia {Rouran} Khaganate
5%
Asia Dilmun
2%
No matching quizzes found
Score Distribution
Percent of People with Each Score
Percentile by Number Answered
Your Score History
You have not taken this quiz